Potassium and silicon help young rubber plants tide over transient drought (Record no. 65365)

MARC details
000 -LEADER
fixed length control field 00498nam a2200181Ia 4500
100 ## - MAIN ENTRY--AUTHOR NAME
Personal name Prasannakumari P
245 #0 - TITLE STATEMENT
Title Potassium and silicon help young rubber plants tide over transient drought
260 ## - PUBLICATION, DISTRIBUTION, ETC. (IMPRINT)
Name of publisher Natural Rubber Research
Year of publication 2011
300 ## - PHYSICAL DESCRIPTION
Number of Pages 150-154
650 ## - SUBJECT ADDED ENTRY--TOPICAL TERM
Topical Term Hevea brasiliensis
650 ## - SUBJECT ADDED ENTRY--TOPICAL TERM
Topical Term Moisture stress
650 ## - SUBJECT ADDED ENTRY--TOPICAL TERM
Topical Term Potassium
650 ## - SUBJECT ADDED ENTRY--TOPICAL TERM
Topical Term Silicon
700 ## - ADDED ENTRY--PERSONAL NAME
Personal name Annamalainathan K
700 ## - ADDED ENTRY--PERSONAL NAME
Personal name Jessy M D
942 ## - ADDED ENTRY ELEMENTS (KOHA)
Koha item type Journals
Holdings
Withdrawn status Lost status Damaged status Not for loan Home library Current library Shelving location Date acquired Serial Enumeration / chronology Koha item type
      Journals RRII Library RRII Library Agronomy 17/12/2021 Volume 24, Issue 1 Journals